Score 0/44 Timer 06:00
2 Plays Today
Hint Answer % Correct
Have a coastline
longer than 10,000 km
United States
93.3%
End
with 'ES'
United States
93.1%
Have an island with population over 40,000,000 peopleIndonesia
90%
Have a coastline
longer than 10,000 km
Indonesia
90%
Were visited during Magellan's voyage of circumnavigation*Indonesia
89.7%
Have a coastline
longer than 10,000 km
Canada
89.5%
Have a coastline
longer than 10,000 km
Russia
89.3%
Have an island with population over 40,000,000 peopleJapan
88.9%
Have a coastline
longer than 10,000 km
Japan
88.9%
Have a coastline
longer than 10,000 km
Australia
88.7%
Have a coastline
longer than 10,000 km
China
88.4%
Are members of the Association of Southeast Asian NationsIndonesia
86.7%
Were visited during Magellan's voyage of circumnavigation*Brazil
83.8%
Are members of the Association of Southeast Asian NationsVietnam
82%
Are members of the Association of Southeast Asian NationsMalaysia
81.4%
Are members of the Association of Southeast Asian NationsThailand
80.7%
Are members of the Association of Southeast Asian NationsLaos
80.1%
Are members of the Association of Southeast Asian NationsCambodia
80.1%
Have a coastline
longer than 10,000 km
United Kingdom
78.1%
Have an island with population over 40,000,000 peopleUnited Kingdom
78.1%
Were visited during Magellan's voyage of circumnavigation*Argentina
77.5%
Are members of the Association of Southeast Asian NationsSingapore
73.3%
Hint Answer % Correct
Have a coastline
longer than 10,000 km
New Zealand
72.2%
Have a capital
starting with 'MA'
Spain (Madrid)
71.6%
Are members of the Association of Southeast Asian NationsMyanmar
71.6%
Were visited during Magellan's voyage of circumnavigation*Brunei
65.8%
End
with 'ES'
Maldives
65.2%
Have a capital
starting with 'MA'
Maldives (Malé)
65.2%
Are members of the Association of Southeast Asian NationsBrunei
63.1%
Have a coastline
longer than 10,000 km
Norway
61.2%
Have a coastline
longer than 10,000 km
Denmark
61.2%
End
with 'ES'
Seychelles
50.9%
Were visited during Magellan's voyage of circumnavigation*Timor-Leste
45.2%
End
with 'ES'
United Arab Emirates
45.1%
Have a capital
starting with 'MA'
Nicaragua (Managua)
37.9%
Have a capital
starting with 'MA'
Mozambique (Maputo)
35.9%
Have a coastline
longer than 10,000 km
Greece
34.8%
Have a capital
starting with 'MA'
Bahrain (Manama)
33.5%
End
with 'ES'
Saint Vincent and the Grenadines
32.4%
Have a capital
starting with 'MA'
Marshall Islands (Majuro)
31.5%
Were visited during Magellan's voyage of circumnavigation*Uruguay
28.9%
Have a capital
starting with 'MA'
Lesotho (Maseru)
22%
Have a capital
starting with 'MA'
Equatorial Guinea (Malabo)
21.7%
Were visited during Magellan's voyage of circumnavigation*Cabo Verde
13.6%

You're not logged in!

Compare scores with friends on all Sporcle quizzes.
OR
Log In

Sporcle TV

Today on Sporcle TV


Watch our educational content, quiz creation guides, and fun videos on Sporcle TV.

Show Comments

Extras

Top Quizzes Today


Score Distribution

Paid Content

Your Account Isn't Verified!

In order to create a playlist on Sporcle, you need to verify the email address you used during registration. Go to your Sporcle Settings to finish the process.

Report this User

Report this user for behavior that violates our Community Guidelines.

Details: